<?xml version="1.0" encoding="UTF-8"?>
<record
    xmlns:xsi="http://www.w3.org/2001/XMLSchema-instance"
    xsi:schemaLocation="http://www.loc.gov/MARC21/slim http://www.loc.gov/standards/marcxml/schema/MARC21slim.xsd"
    xmlns="http://www.loc.gov/MARC21/slim">

  <leader>00860nam a2200217 a 4500</leader>
  <controlfield tag="001">BRCA_8441</controlfield>
  <controlfield tag="005">20190320210300.0</controlfield>
  <controlfield tag="008">271015s19uu----fr-a######---#000-0#fre-#</controlfield>
  <datafield tag="041" ind1=" " ind2=" ">
    <subfield code="a">fre</subfield>
  </datafield>
  <datafield tag="044" ind1=" " ind2=" ">
    <subfield code="a">fr</subfield>
  </datafield>
  <datafield tag="050" ind1=" " ind2="4">
    <subfield code="a">TT778</subfield>
    <subfield code="b">.A47 1900</subfield>
  </datafield>
  <datafield tag="245" ind1="1" ind2="0">
    <subfield code="a">Alphabet de la brodeuse</subfield>
    <subfield code="b">[lettres, chiffres, monogrammes et ornements &#xE0; points compt&#xE9;s, suivis d&#xB4;une s&#xE9;rie de mod&#xE8;les avec calques pour broderie de blanc]</subfield>
    <subfield code="c">[edit&#xE9; par Th. de Dillmont].</subfield>
  </datafield>
  <datafield tag="260" ind1=" " ind2=" ">
    <subfield code="a">Mulhouse ; Belfort ; Par&#xED;s</subfield>
    <subfield code="b">Dollfus-Mieg &amp; Cie, Soci&#xE9;t&#xE9; Anonyme</subfield>
    <subfield code="c">[19-?]</subfield>
  </datafield>
  <datafield tag="300" ind1=" " ind2=" ">
    <subfield code="a">1 v. (en varias paginaciones)</subfield>
    <subfield code="b">il. (algunas a color)</subfield>
    <subfield code="c">10 cm.</subfield>
  </datafield>
  <datafield tag="440" ind1=" " ind2="0">
    <subfield code="a">[Bibliot&#xE8;que D.M.C.]</subfield>
    <subfield code="9">21132</subfield>
  </datafield>
  <datafield tag="500" ind1=" " ind2=" ">
    <subfield code="a">Estado f&#xED;sico: encuadernado, enero 2016</subfield>
  </datafield>
  <datafield tag="650" ind1="1" ind2="4">
    <subfield code="a">Bordado</subfield>
    <subfield code="v">Patrones</subfield>
    <subfield code="9">21133</subfield>
  </datafield>
  <datafield tag="650" ind1="1" ind2="4">
    <subfield code="a">Alfabetos</subfield>
    <subfield code="9">5465</subfield>
  </datafield>
  <datafield tag="700" ind1="1" ind2=" ">
    <subfield code="a">[Dillmont, Th. de</subfield>
    <subfield code="d">1846-1890</subfield>
    <subfield code="e">ed.]</subfield>
    <subfield code="9">21134</subfield>
  </datafield>
  <datafield tag="942" ind1=" " ind2=" ">
    <subfield code="2">lcc</subfield>
    <subfield code="c">B</subfield>
  </datafield>
  <datafield tag="999" ind1=" " ind2=" ">
    <subfield code="c">8108</subfield>
    <subfield code="d">8108</subfield>
  </datafield>
  <datafield tag="952" ind1=" " ind2=" ">
    <subfield code="0">0</subfield>
    <subfield code="1">0</subfield>
    <subfield code="4">0</subfield>
    <subfield code="7">0</subfield>
    <subfield code="a">BRCA</subfield>
    <subfield code="b">BRCA</subfield>
    <subfield code="d">2015-10-23</subfield>
    <subfield code="l">0</subfield>
    <subfield code="o">TT778 .A47 1900</subfield>
    <subfield code="p">02905</subfield>
    <subfield code="r">2019-03-22 00:00:00</subfield>
    <subfield code="w">2019-03-22</subfield>
    <subfield code="y">B</subfield>
  </datafield>
</record>
